ბათუმის შოთა რუსთაველის სახელმწიფო უნივერსიტეტის ბიბლიოთეკა

შემოდგომის ლეგენდა 2013 : მე შენ (არ) გეტყვი : ახალი სახეები, ახალი სახელები, შენი ხელწერა : სტუდენტური ლიტერატურული კონკურსი : 5 წლის საიუბილეო გამოცემა (2009-2013) / (ბიბ.ჩანაწერი № 45482)

000 -ლიდერი
ფიქსირებული სიგრძის საკონტროლო ველი 02676nam a2200301Ia 4500
001 - საკონტროლო ნომერი
საკონტროლო ველი 12307
003 - საკონტროლო ნომრის იდენტიფიკატორი
საკონტროლო ველი GE_BSU
005 - ბოლო ოპერაციის თარიღი და დრო
საკონტროლო ველი 20240709173015.0
008 - ფიქსირებული სიგრძის მონაცემთა ელემენტები - ზოგადი ინფორმაცია
ფიქსირებული სიგრძის საკონტროლო ველი 181216s2013||||ge |||||||||||||| ||geo||
040 ## - კატალოგიზაციის წყარო
Transcribing agency GE_BSU
041 ## - ენის კოდი
Language code of text/sound track or separate title geo
080 ## - უნივერსალური ათობითი კლასიფიკაციის ინდექსი
Universal Decimal Classification number 821.353.1-3 შ-47
245 ## - ცნობა სათაურის შესახებ
Title შემოდგომის ლეგენდა 2013 : მე შენ (არ) გეტყვი : ახალი სახეები, ახალი სახელები, შენი ხელწერა : სტუდენტური ლიტერატურული კონკურსი : 5 წლის საიუბილეო გამოცემა (2009-2013) /
Statement of responsibility, etc ბექა ადამაშვილი, რატი წეროძე, ანა ლაზვიაშვილი ; იდეის ავტორი ნინო კალანდია ; რედაქტორი ქეთევან გაბოშვილი.
264 ## - წარმოების, გამოცემის, დისტრიბუციის და სხვა ცნობები
გამოცემის, წარმოების, დისტრიბუციის... ადგილი თბილისი :
გამოცემის, წარმოების, დისტრიბუციის... სახელწოდება თსუ,
გამოცემის, წარმოების, დისტრიბუციის... თარიღი 2013.
300 ## - ფიზიკური აღწერა
Extent 32 გვ. :
Other physical details ილ. ;
Dimensions 20 სმ.
500 ## - ზოგადი შენიშვნა
General note ივანე ჯავახიშვილის სახელობის თბილისის სახელმწიფო უნივერსიტეტისა და კომპანია "ჯეოსელის" ერთობლივი პროექტი
520 ## - SUMMARY, ETC.
Summary, etc ივანე ჯავახიშვილის სახ.თბილისის სახ.უნ-ტის და კომპანია ჯეოსელის ერთობლივი პროექტი.სტუდენტური ლიტ-ული კონკურსი შემოდგომის ლეგენდა 5წ.საიუბილეო გამოც.2009-2013.
653 ## - INDEX TERM--UNCONTROLLED
Uncontrolled term შემოდგომის ლეგენდა
653 ## - INDEX TERM--UNCONTROLLED
Uncontrolled term ახალი სახეები
653 ## - INDEX TERM--UNCONTROLLED
Uncontrolled term ახალი სახელები
653 ## - INDEX TERM--UNCONTROLLED
Uncontrolled term შენი ხელწერა
700 ## - ADDED ENTRY--PERSONAL NAME
Personal name ადამაშვილი, ბექა
Relator term ავტორი (ავტორობით)
9 (RLIN) 22787
700 ## - ADDED ENTRY--PERSONAL NAME
Personal name წეროძე, რატი
Relator term ავტორი (ავტორობით)
9 (RLIN) 22785
700 ## - ADDED ENTRY--PERSONAL NAME
Personal name ლაზვიაშვილი, ანა,
Relator term ავტორი (ავტორობით)
9 (RLIN) 22788
700 ## - ADDED ENTRY--PERSONAL NAME
Personal name კალანდია, ნინო
Relator term იდეის ავტორი (ავტორობით)
9 (RLIN) 12723
700 ## - ADDED ENTRY--PERSONAL NAME
Personal name გაბოშვილი, ქეთევან
Relator term რედაქტორი (ავტორობით)
9 (RLIN) 22789
942 ## - ADDED ENTRY ELEMENTS (KOHA)
Koha item type წიგნი
Source of classification or shelving scheme
ეგზემპლარები
ჩამოწერის სტატუსი დაკარგული ეგზემპლარის სტატუსი კლასიფიკაციის წყარო ან თაროზე გაწყობის სქემა დაზიანების სტატუსი არ გაიცემა მუდმივი მდებარეობა (დაცვის ადგილი) ამჟამინდელი ადგილსამყოფელი თაროზე განთავსების ადგილი შეძენის თარიღი სრული შენახვის შიფრი შტრიხკოდი ბოლო ოპერაციის თარიღი ეგზემპლარის მიმდევრობითი ნომერი (კეტერი?) ფასის ძალაში შესვლის თარიღი ეგზემპლარის სახეობა
          ბათუმის შოთა რუსთაველის სახელმწიფო უნივერსიტეტის მთავარი ბიბლიოთეკა ბათუმის შოთა რუსთაველის სახელმწიფო უნივერსიტეტის მთავარი ბიბლიოთეკა წიგნსაცავი 2018-12-17 821.353.1-3 შ-47 27109 2018-12-17 27109 2018-12-17 წიგნი